000 00877nam a2200229Ii 4500
003 JO-AjNU
008 230605s9999||||xx |||||||||||||| ||und||
017 _a2018/10/5340
020 _a978-9957-12-866-1
040 _aJO-AjNU
_bara
_erda
_cJO-AjNU
041 _aara
050 1 4 _aHD59.Z8222 2019
100 3 _aالزعبي، علي فلاح مفلح، م.مشارك مروان بدر السميعات,
_eauthor
_962211
245 0 0 _aادارة العلاقات العامة: مدخل صناعة العلاقات العامة
250 _aالطبعة العربية 2019
264 3 1 _aعمان: دار اليازوري العلمية للنشر والتوزيع، 2019
300 _a318ص
336 _atext
_btxt
_2rdacontent
337 _aunmediated
_bn
_2rdamedia
338 _avolume
_bnc
_2rdacarrier
650 4 _aالعلاقات العامة-ادارة
_962212
999 _aA28160
_c31728
_d31728